000 00339nam a2200133Ia 4500
008 231129s9999||||xx |||||||||||||| ||spa||
020 _a84-7634-681-6
040 _bspa
082 _a621.3811 D328c
100 _aDeken Joseph
245 0 _aLa casa electronica
264 _aOrbis
942 _2ddc
_cBKS
999 _c16577
_d16577